000 02160nam0a22002891 4500
001 rc\4132426
005 20250806202829.0
035 _a(NLR Aleph) 007903740
090 _a42155
_c42155
100 _a20130415d1943 u y0rusy50 ca
101 0 _arus
102 _aRU
105 _ay z |||a|
200 1 _aС Востока на Запад
_eСтихи
210 _aХабаровск
_cДальгиз
_d1943
215 _a80 с.
_cзаставки
_d17
300 _aПеред загл. автор: Петр Комаров
327 1 _aСодерж.: Сибирская легенда; Топтугары; Первый из удэге; "Широких дорог многоверстьем..."; Сердцем - к сердцу; Диспетчер; Энский завод; Ночной цех; Амурсталь; Награда; Свинец; Воен.-полевая дорога; "Я прохожу дорогой длинной"; Вечер в степи; Комбайнер; Весенний пал; "Слышу голос - нету отголоска..."; "Как стих, без единой запинки..."; "Беспутные ветры степей..."; Осень
464 0 _12001#$aСибирская легенда$aТоптугары$aПервый из удэге$aШироких дорог многоверстьем...$aСердцем - к сердцу$aДиспетчер$aЭнский завод$aНочной цех$aАмурсталь$aНаграда$aСвинец$aВоенно-полевая дорога$aЯ прохожу дорогой длинной$aВечер в степи$aКомбайнер$aВесенний пал$aСлышу голос - нету отголоска...$aКак стих, без единой запинки...$aБеспутные ветры степей...$aОсень
700 1 _aКомаров
_bП. С.
_cпоэт
_f1911-1949
_gПётр Степанович
_3RU\NLR\AUTH\770158091
801 0 _aRU
_bNLR
_gpsbo
801 1 _aRU
_bELAR
_2rusmarc
942 _cBOOK
945 _aРоссийская национальная библиотека
980 _aNB
980 _aBV